000 00787nam a2200205Ii 4500
003 JO-AjNU
008 230605s9999||||xx |||||||||||||| ||und||
040 _aJO-AjNU
_bara
_erda
_cJO-AjNU
041 _aara
050 1 4 _aK5431.J326.1981
100 3 _a الجبور، محمد عودة ذياب ,
_eauthor
_947182
245 0 0 _aالإختصاص القضائي لمأمور الضبط " دراسة مقارنة "
250 _a(د،ط)
264 3 1 _aالقاهرة : جامعة القاهرة ، 1981
300 _a597ص
_bيشتمل على قائمة بالمراجع ص ( 566 - 584 )
336 _atext
_btxt
_2rdacontent
337 _aunmediated
_bn
_2rdamedia
338 _avolume
_bnc
_2rdacarrier
650 4 _aالبحث الجنائي -- القانون الجنائي
_947183
999 _aA20578
_c24146
_d24146